000 00833nam a2200241 a 4500
001 000023026
005 20200930021935.0
008 101124s1995 ve r 000 | spa d
020 _a9800008500
040 _aDO-SdBNP
_bspa
_cBNPHU
082 _a338.9987
_bV673p
245 1 0 _aVigencia y perspectivas de la planificación en Venezuela /
_ceditado por Jesús López, Jorge A. Giordani C., Hercilio Castellano B.
260 _aCaracas :
_bCendes,
_c1995.
300 _a226 p. ;
_c23 cm.
490 1 _aJorge Ahumada;
_v5
650 4 _aDesarrollo económico
_xVenezuela
_947372
650 4 _aCrecimiento económico
_xVenezuela
_947373
700 1 _aLópez, Jesús
_eed.
_931371
700 1 _aGiordani C., Jorge A.
_eed.
_947374
700 1 _aCastellano B., Hercilio
_eed.
_931373
830 0 _aJorge Ahumada;
_v5
_931375
049 _aBNGR
999 _c22523
_d22523